LEADER 00646nam##22001337##450# 001 9910555223503321 010 $a9788895844572 100 $a########d########u##y0engy50####ba 105 0 $a########00### 200 1 $aCollezionismo e bibliofilia a Napoli tra Sette e Ottocento : un ritratto epistolare / Vincenzo Trombetta ; in appendice, Angelo Maria D'Elci, Lettere bibliografiche a Francesco Taccone (1803-1807) ; premessa di Edoardo Barbieri ; a cura di Massimo Gatta. 700 $aTrombetta, Vincenzo.$0280150 912 $a9910555223503321 996 $aCollezionismo e bibliofilia a Napoli tra Sette e Ottocento : un ritratto epistolare$92816171 997 $aUNINA LEADER 01553nas 2200457- 450 001 996251304503316 005 20231213181354.0 011 $a2321-7464 035 $a(DE-599)ZDB2724145-2 035 $a(OCoLC)869382384 035 $a(CKB)2670000000393928 035 $a(CONSER)--2020207038 035 $a(EXLCZ)992670000000393928 100 $a20140129a20139999 --- a 101 0 $aeng 135 $aur||||||||||| 181 $ctxt$2rdacontent 182 $cc$2rdamedia 183 $acr$2rdacarrier 200 00$aJournal of land and rural studies 210 1$a[New Delhi, India] :$cSage Publications,$d2013- 215 $a1 online resource 311 $a2321-0249 330 $aPublishes theoretical and empirical issues relating to rural development in India while also drawing on relevant experiences from other countries and contexts. 531 0 $aJ. land rural stud. 606 $aRural development$zIndia$vPeriodicals 606 $aDéveloppement rural$zInde$vPériodiques 606 $aRural development$2fast$3(OCoLC)fst01101498 607 $aIndia$2fast 608 $aPeriodicals.$2fast 610 10$aRural Development 610 10$aPlattelandsontwikkeling 615 0$aRural development 615 6$aDéveloppement rural 615 7$aRural development. 676 $a333.760954 712 02$aCentre for Rural Studies (Lal Bahadur Shastry National Academy of Administration), 906 $aJOURNAL 912 $a996251304503316 996 $aJournal of land and rural studies$92294894 997 $aUNISA LEADER 04228nam 22004335 450 001 9910300450503321 005 20200703101343.0 010 $a981-10-7074-1 024 7 $a10.1007/978-981-10-7074-7 035 $a(CKB)4100000005471804 035 $a(DE-He213)978-981-10-7074-7 035 $a(MiAaPQ)EBC5490817 035 $a(PPN)229913520 035 $a(EXLCZ)994100000005471804 100 $a20180808d2018 u| 0 101 0 $aeng 135 $aurnn|008mamaa 181 $ctxt$2rdacontent 182 $cc$2rdamedia 183 $acr$2rdacarrier 200 10$aContinuous Glucose Monitoring /$fedited by Weiping Jia 205 $a1st ed. 2018. 210 1$aSingapore :$cSpringer Singapore :$cImprint: Springer,$d2018. 215 $a1 online resource (XVI, 215 p. 128 illus., 113 illus. in color.) 311 $a981-10-7073-3 320 $aIncludes bibliographical references. 327 $aGlucose, blood glucose assay and continuous glucose monitoring technology -- Introduction of continuous glucose monitoring -- Accuracy assessment of continuous glucose monitoring -- Operation procedure and process of continuous glucose monitoring -- The picture-interpretation methodology of continuous glucose monitoring -- Definition of the continuous glucose monitoring parameters and its clinical value -- Reference values for the continuous glucose monitoring parameters -- Clinical applications of continuous glucose monitoring report and management -- Clinical indications of continuous glucose monitoring -- Interpretation of continuous glucose monitoring clinical practice guideline -- Continuous glucose monitoring and glycemic variability -- Using continuous glucose monitoring to evaluate the effect of anti-diabetic therapy -- Using continuous glucose monitoring for patients with hypoglycaemia -- Using continuous glucose monitoring for patients with fasting hyperglycemia -- Using continuous glucose monitoring for patients with fulminant type 1 diabetes -- Using continuous glucose monitoring for patients with pregnancy complicated with diabetes -- Using continuous glucose monitoring for steroid-induced diabetes -- Using continuous glucose monitoring for patients with insulinoma -- Using continuous glucose monitoring for patients with metabolic surgery -- Prospects of continuous glucose monitoring technology. 330 $aThis book provides comprehensive information on continuous glucose monitoring (CGM). The first section focuses on the fundamentals of CGM technology, including the principles of CGM, accuracy assessment, operation procedure, management processes, the picture-interpretation methodology, the clinical value of CGM parameters, reference values, clinical applications of CGM report and management systems, and clinical indications. In turn, the second section describes the clinical application of CGM, including assessing blood glucose fluctuation and hypoglycemic effects, detecting hypoglycemia and identifying fasting hyperglycemia. It also describes the role of CGM in connection with specific diseases, such as fulminant type 1 diabetes, gestational diabetes mellitus, steroid diabetes, and insulinoma. The closing chapter outlines the future of CGM. In addition, the book presents typical cases and analyses of nearly a hundred typical monitoring maps. As such, it offers diabetic health care doctors a valuable reference guide to the clinical application of and scientific research on CGM. Editor Weiping Jia is a professor and chief physician of Department of Endocrinology and Metabolism, Shanghai Jiao Tong University Affiliated Sixth People?s Hospital. She is also the director of Shanghai Clinical Center for Diabetes, Shanghai Key Laboratory for Diabetes and Shanghai Diabetes Institute, and the president of Chinese Diabetes Society. 606 $aDiabetes 606 $aDiabetes$3https://scigraph.springernature.com/ontologies/product-market-codes/H33045 615 0$aDiabetes. 615 14$aDiabetes. 676 $a616.462 676 $a616.46 702 $aJia$b Weiping$4edt$4http://id.loc.gov/vocabulary/relators/edt 906 $aBOOK 912 $a9910300450503321 996 $aContinuous Glucose Monitoring$91743496 997 $aUNINA